| 000 | 01463nam a2200325 4500 | ||
|---|---|---|---|
| 001 | 0000021780 | ||
| 003 | CO-CtgCURN | ||
| 005 | 20250429224111.0 | ||
| 007 | ta | ||
| 008 | 160627s2008 000 0 eng d | ||
| 020 | _a9789588487007 | ||
| 040 |
_aCO-CtgCURN _bspa _ccoctgcurn |
||
| 082 | 0 |
_a378.199 _bM337c |
|
| 100 | 1 | _aMarin Londoño, Beatriz. | |
| 245 | 1 | 0 |
_aCurriculo integrado : _baportes a la comprension de la formacion humana / _cBeatriz Marin Londoño y Gonzalo Tamayo Giraldo. |
| 260 |
_aPereira : _bUniversidad Catolica Popular del Risaralda, _c2008. |
||
| 300 | _a132 p. | ||
| 336 | _2rdacontent | ||
| 337 |
_2rdamedia _asin mediacion _bn |
||
| 338 |
_2rdacarrier _avolumen _bnc |
||
| 490 | 1 |
_aColección Maestros ; _v6 |
|
| 504 | _aBibliografia (p. 129-132) | ||
| 505 | 8 | _aLa formacion como fundamento de la reflexion educativa: un esbozo historico de su aparicion.--Educación y curriculo: incorporacion critica de la cultura.--Logicas de organizacion del conocimiento: un curriculo problemico.--Organizacion estructural de un curriculo problemico: construcción de escenarios dinamicos.--Comunidad academicas y procesos de evaluacion: dinamizadores del curriculo | |
| 650 | 1 | 4 | _aEducación. |
| 700 | 1 | _aTamayo Giraldo, Gonzalo. | |
| 710 | 2 | _aUniversidad Catolica Popular del Risaralda. | |
| 908 | _a160627 | ||
| 942 |
_cBK _h378.199 _iM337c _2ddc |
||
| 999 |
_c38957 _d38957 |
||